Pseudonymes en un mot 2 - Statistiques

Statistiques générales
  • Ce quiz a été pris 36 fois
  • Le résultat moyen est 23 sur 70
Statistiques - réponses
Spécialité Initiale Date Pseudonyme % Correct
Chanteur M 1971- M
94%
Religieuse albano-indienne T 1910-1997 Mère {Teresa}
88%
Politique russe L 1870-1924 Lénine
85%
Footballeur brésilien P 1940-2022 Pelé
82%
Footballeur brésilien R 1976- Ronaldo
67%
Chanteuse colombienne S 1977- Shakira
67%
Chanteuse Z 1980- Zaz
67%
Chanteuse américaine M 1958- Madonna
64%
Cuisinière M 1938- Maïté
64%
Dramaturge M 1622-1673 Molière
64%
Rappeur O 1982- Orelsan
64%
Animateur TV N 1961 Nagui
61%
Chanteuse belge M 1960-2018 Maurane
58%
Chanteur libano-américano-britannique M 1983- Mika
58%
Philosophe V 1694-1778 Voltaire
58%
Footballeur brésilien R 1980- Ronaldinho
55%
Religieuse belge E 1908-2008 Soeur {Emmanuelle}
55%
Directeur de cabaret M 1931-2020 Michou
52%
Astrologue N 1503-1566 Nostradamus
52%
Religieuse et chanteuse belge S 1933-1985 Soeur {Sourire}
52%
Chanteur belge S 1985- Stromae
52%
Chanteuse Z 1964- Zazie
52%
Chanteuse belge L 1962- Lio
48%
Actrice M-M 1950- Miou-Miou
48%
Dessinateur de BD suisse Z 1967- Zep
45%
Dessinateur de BD belge P 1928-1992 Peyo
42%
Chanteur coréen P 1977- Psy
42%
Chanteur britannique S 1951- Sting
39%
Chanteuse N 1944- Nicoletta
33%
Ecrivain S 1783-1842 Stendhal
33%
Dessinateur de presse P 1951- Plantu
30%
Chanteur R 1952- Renaud
30%
Chanteuse L 1982- Lorie
27%
Humoriste et comédien O 1964- Olivier
27%
Humoriste P 1936- Popeck
27%
Chanteur américain P 1958-2016 Prince
27%
Chanteur V 1991- Vianney
27%
Acteur R 1883-1946 Raimu
24%
Chanteur R 1975- Raphaël
24%
Chanteuse R 1929-2022 Régine
24%
Rappeur S 1979- Soprano
24%
Chanteuse israëlienne T 1989- Tal
24%
Compositeur grec V 1943-2022 Vangelis
24%
Acteur S 1926-2009 Sim
21%
Militaire L 1902-1947 Leclerc
18%
Photographe N 1820-1910 Nadar
18%
Humoriste T 1972 Titoff
18%
Mannequin britannique T 1949- Twiggy
18%
Chanteuse M 1875-1956 Mistinguett
15%
Chanteuse S 1985- Shy'm
15%
Humoriste V 1982- Vérino
15%
Chanteuse V 1983- Vitaa
15%
Politique M 1689-1755 Montesquieu
12%
Humoriste T 1960- Tex
12%
Chanteuse F 1945- Sheila
9%
Toréador espagnol M 1917-1947 Manolete
6%
Chanteuse M 1906-1996 Mireille
6%
Caricaturiste S 1928-2016 Siné
6%
Humoriste S 1958- Smaïn
6%
Actrice S 1883-1970 Sylvie
6%
Dessinateur P 1923-2020 Piem
3%
Acteur R 1942- Rufus
3%
Chanteur S 1970- Sinclair
3%
Dessinateur de BD T 1931-2010 Tibet
3%
Ecrivain V 1902-1991 Vercors
3%
Chanteur P 1845-1908 Paulus
0%
Animateur radio R 1891-1971 Radiolo
0%
Dessinateur de BD belge T 1947- Turk
0%
Dessinateur de presse W 1949- Wiaz
0%
Affichiste Z 1900-1936 Zig
0%
Aucun quiz correspondant
Distribution des résultats
% des personnes avec chaque résultat
Percentile par nombre de réponses
Votre historique - résultats
Vous n’avez pas pris ce quiz